Capitales d’Europe - Statistiques

Statistiques générales
  • Ce quiz a été pris 64 fois
  • Le résultat moyen est 38 sur 46
Statistiques - réponses
Hint Réponse % Correct
Portugal Lisbonne
98%
Espagne Madrid
98%
France Paris
98%
Italie Rome
98%
Allemagne Berlin
97%
Royaume-Uni Londres
97%
Belgique Bruxelles
95%
Monaco Monaco
95%
Vatican Vatican
95%
Irlande Dublin
94%
Ukraine Kiev
94%
Luxembourg Luxembourg
94%
Russie Moscou
94%
Norvège Oslo
94%
Autriche Vienne
94%
Pays-Bas Amsterdam
92%
Grèce Athènes
92%
Suisse Berne
92%
Danemark Copenhague
92%
Hongrie Budapest
90%
Bulgarie Sofia
90%
Suède Stockholm
90%
Pologne Varsovie
89%
Croatie Zagreb
89%
Finlande Helsinki
87%
Andorre Andorre-la-Vieille
85%
Roumanie Bucarest
85%
République Tchèque Prague
85%
Saint-Marin Saint-Marin
82%
Biélorussie Minsk
81%
Malte La Valette
79%
Islande Reykjavik
79%
Lettonie Riga
76%
Estonie Tallinn
76%
Bosnie-Herzégovine Sarajevo
74%
Lituanie Vilnius
73%
Chypre Nicosie
71%
Albanie Tirana
69%
Serbie Belgrade
66%
Slovaquie Bratislava
66%
Liechtenstein Vaduz
66%
Slovénie Ljubljana
63%
Macédoine du Nord Skopje
63%
Moldavie Chisinau
58%
Kosovo Pristina
55%
Monténégro Podgorica
53%
Aucun quiz correspondant
Distribution des résultats
% des personnes avec chaque résultat
Percentile par nombre de réponses
Votre historique - résultats
Vous n’avez pas pris ce quiz